XII. Cuencas pericontinentales de Colombia, Ecuador, Perú y Venezuela: (Registro nro. 17771)

Detalles MARC
000 -CABECERA
Campo de control 02301nam a22003617a 4500
005 - FECHA Y HORA DE LA ULTIMA TRANSACCION
Campo de control 20180803170155.0
008 - ELEMENTOS DE LONGITUD FIJA—INFORMACION GENERAL
Campo de control 150917b2015 ck |||||r|||| 00| 0 spa d
020 ## - ISBN
ISBN 9789588889252
040 ## - FUENTE DE CATALOGACIÓN
Agencia catalogadora original CO-BoIAVH
Agencia transcriptora CO-BoIAVH
041 0# - IDIOMA
Código de idioma para texto/pista de sonido o título separado Español
044 ## - PAÍS DE PUBLICACIÓN
País de publicación Colombia
082 04 - NUMERO DE CLASIFICACION DECIMAL DEWEY
Número de clasificación 577.64098
Número del ítem L34x
245 14 - MENCION DE TITULO
Título XII. Cuencas pericontinentales de Colombia, Ecuador, Perú y Venezuela:
Parte restante del título tipología, biodiversidad, servicios ecosistémicos y sostenibilidad de los ríos, quebradas y arroyos costeros /
Mención de responsabilidad Editores: Carlos A. Lasso, Juan F. Blanco-Libreros y Paula Sánchez Duarte
260 ## - PUBLICACION, DISTRIBUCION, ETC. (PIE DE IMPRENTA)
Lugar de publicación, distribución, etc. Bogotá (Colombia):
Nombre del editor, distribuidor, etc. Instituto de investigación de Recursos Biológicos Alexander von Humboldt,
-- Javegraf,
Fecha de publicación, distribución, etc. 2015.
300 ## - DESCRIPCION FISICA
Extensión 455 páginas :
Otros detalles físicos mapas, tablas, ilustraciones y fotografías a color ;
Dimensiones 25 cm
490 0# - MENCION DE SERIE
Mención de serie Serie recursos hidrobiológicos y pesqueros continentales de Colombia
500 ## - NOTA GENERAL
Nota general Incluye anexos.
504 ## - NOTA DE BIBLIOGRAFIA, ETC.
Nota de bibliografía Incluye referencias bibliográficas.
505 0# - NOTA DE CONTENIDO
Nota de contenido 1. ¿Qué es un cuenca pericontinental?<br/>2. Generalidades del entorno geológico e hidro-climatológico de las cuencas pericontinentales.<br/>3. La diadromía como convergencia ecolutiva en peces, curstáceos decápodos y gasterópodos en las cuencas pericontinentales de Colombia.<br/>4. Camarones asociados a las aguas pericontinentales (ríos quebradas y arroyos costeros), de la vertiente Caribe y Pacífico, incluyendo la región insular de Colombia.<br/>5. La entomofauna y otros macroinvertebrados acuáticos de sistemas insulares y pericontinentales de las cuencas del Pacífico y Caribe, Colombia.<br/>6. El flujo y transformación de la materia orgánica: proceso ecosistémico maestro en las cuencas pericontinentales.<br/>7. Servicios ecosistémicos, cambios globales y sostenibilidad dentro de las cuencas pericontinentales de Colombia.
650 #6 - ASIENTO SECUNDARIO DE MATERIA - TERMINO TEMATICO
Término temático o nombre geográfico como elemento de entrada Peces
9 (RLIN) 92349
650 #6 - ASIENTO SECUNDARIO DE MATERIA - TERMINO TEMATICO
Término temático o nombre geográfico como elemento de entrada Diadromía
9 (RLIN) 38598
650 #6 - ASIENTO SECUNDARIO DE MATERIA - TERMINO TEMATICO
Término temático o nombre geográfico como elemento de entrada Macroinvertebrados acuáticos
9 (RLIN) 92494
650 #6 - ASIENTO SECUNDARIO DE MATERIA - TERMINO TEMATICO
Término temático o nombre geográfico como elemento de entrada Hidroclimatología
9 (RLIN) 38600
650 #6 - ASIENTO SECUNDARIO DE MATERIA - TERMINO TEMATICO
Término temático o nombre geográfico como elemento de entrada Anfidromía
9 (RLIN) 38601
651 #6 - ASIENTO SECUNDARIO DE MATERIA - NOMBRE GEOGRAFICO
Nombre geográfico Colombia
9 (RLIN) 38870
651 #6 - ASIENTO SECUNDARIO DE MATERIA - NOMBRE GEOGRAFICO
Nombre geográfico Ecuador
9 (RLIN) 38871
651 #6 - ASIENTO SECUNDARIO DE MATERIA - NOMBRE GEOGRAFICO
Nombre geográfico Perú
9 (RLIN) 38872
651 #6 - ASIENTO SECUNDARIO DE MATERIA - NOMBRE GEOGRAFICO
Nombre geográfico Venezuela
9 (RLIN) 38873
700 1# - ASIENTO SECUNDARIO - NOMBRE PERSONAL
Nombre personal Lasso, Carlos A.
Término de relación Editor
9 (RLIN) 242
700 1# - ASIENTO SECUNDARIO - NOMBRE PERSONAL
Nombre personal Blanco-Libreros, Juan F.
Término de relación Editor
9 (RLIN) 38606
700 1# - ASIENTO SECUNDARIO - NOMBRE PERSONAL
Nombre personal Sánchez-Duarte, Paula
Término de relación Editora
9 (RLIN) 1223
942 ## - ELEMENTOS ADICIONALES (KOHA)
Sistema de clasificación Dewey Decimal Classification
Tipo de ítem Libro
Koha issues (borrowed), all copies 1
Existencias
Withdrawn status Lost status Sistema de Clasificación Damaged status No para préstamo Colección Inventariado Ubicación Permanente Ubicación actual Fecha de adquisición Fuente de Valor Valor Total Checkouts Número topográfico Inventario / Código de Barras Date last seen Ejemplar Price effective from Forma de adquisición Tipo de material Date checked out
    Dewey Decimal Classification     Humboldt Inventariado 2017 Bogotá Bogotá 17/09/2015 Instituto 39000.00   IAVH-577.64098 L34x 039231 17/09/2015 Ej. 1 17/09/2015 Institucional Libro  
    Dewey Decimal Classification     Humboldt Inventariado 2017 Sala Fabio Quevedo Sala Fabio Quevedo 17/09/2015 Instituto 39000.00 1 IAVH-577.64098 L34x 039232 22/09/2017 Ej. 2 17/09/2015 Institucional Libro 22/09/2017
    Dewey Decimal Classification     Humboldt Inventariado 2017 Villa de Leyva Villa de Leyva 30/08/2017 Instituto 39000.00   IAVH-577.64098 L34x 042811 30/08/2017 Ej. 3 30/08/2017 Institucional Libro